00606nam a22001817a 4500020001700000037001200017245011400029260004700143270003400190300003300224500001900257700002900276700002600305700002900331700003000360942001700390999001700407 a978105358057 bBBB/Ven aHuman body Encyclopedia /cedited by Cheryl Telfer, Ben Morgan [and] Zahavit Shalev illustrated by Peter Bull aLondonbDorling Kindersley Publisherc2005 a80 Strand, bLondoneWC2R 0RL a128p. :bcol.ill.c24cm(pbk) aIncludes index aedited by Telfer, Cheryl aedited by Morgan, Ben aedited by Shalev,Zahavit aillustrated byBull, Peter 2ddccENkHUM c79406d79406